<?xml version="1.0" encoding="UTF-8"?>
<record
    xmlns:xsi="http://www.w3.org/2001/XMLSchema-instance"
    xsi:schemaLocation="http://www.loc.gov/MARC21/slim http://www.loc.gov/standards/marcxml/schema/MARC21slim.xsd"
    xmlns="http://www.loc.gov/MARC21/slim">

  <leader>01154nam a2200289 i 4500</leader>
  <controlfield tag="001">106607</controlfield>
  <controlfield tag="003">ES-MaACL</controlfield>
  <controlfield tag="005">20230906184221.0</controlfield>
  <controlfield tag="007">t|</controlfield>
  <controlfield tag="008">061205s1968    gw           |||| | lat d</controlfield>
  <datafield tag="080" ind1=" " ind2=" ">
    <subfield code="a">17.036.2</subfield>
  </datafield>
  <datafield tag="245" ind1="0" ind2="0">
    <subfield code="a">Stoicorum veterum fragmenta / </subfield>
    <subfield code="c">collegit Ioannes ab Arnim.</subfield>
  </datafield>
  <datafield tag="250" ind1=" " ind2=" ">
    <subfield code="a">Editio stereotypa editionis primae (MCMV).</subfield>
  </datafield>
  <datafield tag="260" ind1=" " ind2=" ">
    <subfield code="a">Stutgardiae : </subfield>
    <subfield code="b">In Aedibus B.G. Tevbneri, </subfield>
    <subfield code="c">1968.</subfield>
  </datafield>
  <datafield tag="300" ind1=" " ind2=" ">
    <subfield code="a">4 v. ; </subfield>
    <subfield code="c">24 cm.</subfield>
  </datafield>
  <datafield tag="490" ind1="1" ind2=" ">
    <subfield code="a">Sammlung wissenschaftlicher Commentare</subfield>
  </datafield>
  <datafield tag="505" ind1="8" ind2=" ">
    <subfield code="a">v. 1. Zeno et Zenonis discipuli.--v. 2. Chrysippi fragmenta logica et physica.--v. 3. Chrysippi fragmenta moralia. Fragmenta successorum Chrysippi.--v. 4. Quo indices continentur. Conscripsit Maximilianus Adler</subfield>
  </datafield>
  <datafield tag="546" ind1=" " ind2=" ">
    <subfield code="a">Texto en lat&#xED;n y griego.</subfield>
  </datafield>
  <datafield tag="650" ind1="1" ind2="4">
    <subfield code="a">Estoicos.</subfield>
    <subfield code="9">12556</subfield>
  </datafield>
  <datafield tag="700" ind1="1" ind2=" ">
    <subfield code="a">Arnim, Hans Friedrich August von.</subfield>
    <subfield code="9">23097</subfield>
  </datafield>
  <datafield tag="700" ind1="1" ind2=" ">
    <subfield code="a">Zen&#xF3;n de Citio.</subfield>
    <subfield code="9">118185</subfield>
  </datafield>
  <datafield tag="700" ind1="1" ind2=" ">
    <subfield code="a">Crisipo.</subfield>
    <subfield code="9">41620</subfield>
  </datafield>
  <datafield tag="700" ind1="1" ind2=" ">
    <subfield code="a">Adler, Maximilian.</subfield>
    <subfield code="9">18451</subfield>
  </datafield>
  <datafield tag="830" ind1="0" ind2=" ">
    <subfield code="a">Sammlung wissenschaftlicher Commentare</subfield>
    <subfield code="9">232849</subfield>
  </datafield>
  <datafield tag="852" ind1=" " ind2=" ">
    <subfield code="a">ES-MaACL</subfield>
    <subfield code="j">E-11415-18 </subfield>
    <subfield code="z">. - Biblioteca Jacinto Mart&#xED;nez Lacalle</subfield>
  </datafield>
  <datafield tag="999" ind1=" " ind2=" ">
    <subfield code="c">106607</subfield>
    <subfield code="d">106607</subfield>
  </datafield>
  <datafield tag="952" ind1=" " ind2=" ">
    <subfield code="0">0</subfield>
    <subfield code="1">0</subfield>
    <subfield code="4">0</subfield>
    <subfield code="7">0</subfield>
    <subfield code="a">ATENEOM</subfield>
    <subfield code="b">ATENEOM</subfield>
    <subfield code="c">DEPO2</subfield>
    <subfield code="d">2008-01-17</subfield>
    <subfield code="e">SC</subfield>
    <subfield code="l">0</subfield>
    <subfield code="o">E-11415-18</subfield>
    <subfield code="p">1111279</subfield>
    <subfield code="r">2023-02-23 00:00:00</subfield>
    <subfield code="w">2023-02-23</subfield>
    <subfield code="y">MONOGRAFIA</subfield>
  </datafield>
</record>
